Bezpečnosť elektronického bankovníctva bakalárska práca

Na minha lista:
Detalhes bibliográficos
Autor principal: Illés, Michal
Autor Corporativo: Fakulta hospodárskej informatiky EU. Katedra aplikovanej informatiky
Outros Autores: Schmidt, Peter, 1968-
Formato: Livro
Idioma:eslovaco
Publicado em: Bratislava 2018
Tags: Adicionar Tag
Sem tags, seja o primeiro a adicionar uma tag!

MARC

LEADER 00000nbm a2200000 4500
001 0245261
005 20181015110215.4
041 0 |a slo 
044 |a SK 
245 1 0 |a Bezpečnosť elektronického bankovníctva  |b bakalárska práca  |c Michal Illés ; školiteľ: Peter Schmidt 
264 1 |a Bratislava  |c 2018 
300 |a 56 s. 
100 1 |a Illés, Michal 
700 1 |a Schmidt, Peter, 1968- 
710 2 |a Fakulta hospodárskej informatiky EU. Katedra aplikovanej informatiky